Normal view MARC view
  • Palacios, Leopoldo-Eulogio

Entry Nombre Personal

Number of records used in: 1

001 - NUMERO DE CONTROL

  • campo de control: 44360

003 - IDENTIFICADOR DE NUMERO DE CONTROL

  • campo de control: DLC

005 - FECHA Y HORA DE LA ÜLTIMA TRANSACCIÓN

  • campo de control: 20220503090410.0

008 - DATOS DE LONGITUD FIJA

  • campo de control de longitud fija: 220503n| azannaab |n aaa

010 ## - NÚMERO DE CONTROL DE LA BIBLIOTECA DEL CONGRESO

  • Número de control LC: n 92011338

040 ## - FUENTE DE CATALOGACIÓN

  • Agencia original de catalogación: DLC
  • Lenguaje de catalogación: spa
  • Description conventions: rda
  • Agencia de transcripción: DLC
  • Agencia que lo modifica: DLC
  • Agencia que lo modifica: MX-MxUPN

100 1# - ENCABEZAMIENTO - NOMBRE PERSONAL

  • Nombre personal: Palacios, Leopoldo-Eulogio

375 ## - GÉNERO

  • Gender: masculino

377 ## - LENGUA ASOCIADA

  • Language code: spa

670 ## - FUENTE EN LA QUE SE LOCALIZARON DATOS

  • Cita de la fuente: El Concepto de persona, c1989:
  • Información localizada: portada (Leopoldo-Eulogio Palacios) página 42 (Universidad Complutense de Madrid)

670 ## - FUENTE EN LA QUE SE LOCALIZARON DATOS

  • Cita de la fuente: LC data base, 2-3-92
  • Información localizada: (hdg.: Palacios, Leopoldo Eulogio; usage: Leopoldo-Eulogio Palacios)

902 ## - CATALOGADOR

  • Catalogador: NDAF/220503